Central Library OPAC University of Rajshahi
Normal view MARC view

Entry Topical Term

Number of records used in: 7

001 - CONTROL NUMBER

  • control field: 6587

003 - CONTROL NUMBER IDENTIFIER

  • control field: BD-RjUL

005 - DATE AND TIME OF LATEST TRANSACTION

  • control field: 20230115144926.0

008 - FIXED-LENGTH DATA ELEMENTS

  • fixed length control field: 230115|| aca||aabn | a|a d

040 ## - CATALOGING SOURCE

  • Original cataloging agency: BD-RjUL
  • Transcribing agency: BD-RjUL

150 ## - HEADING--TOPICAL TERM

  • Topical term or geographic name entry element: الاسلام
  • General subdivision: حركات الاصلاح والتجديد

670 ## - SOURCE DATA FOUND

  • Source citation: Work cat.: (BD-RjUL)81083: العقاد، عباس محمود، مؤلف, الاسلام في القرن العشرين حضره ومستقبله /